LEADER 01514nam 2200409Ia 450 001 9910698313003321 005 20080423155448.0 035 $a(CKB)4970000000022684 035 $a(OCoLC)226073583 035 $a(EXLCZ)994970000000022684 100 $a20080423d2008 ua 0 101 0 $aeng 135 $aurmn||||||||| 181 $ctxt$2rdacontent 182 $cc$2rdamedia 183 $acr$2rdacarrier 200 10$aDefense infrastructure$b[electronic resource] $eDOD funding for infrastructure and road improvements surrounding growth installations 210 1$aWashington, DC :$cU.S. Govt. Accountability Office,$d[2008] 215 $a21 pages $cdigital, PDF file 300 $aTitle from title screen (viewed on Apr. 17, 2008). 300 $aAuthor: Brian Lepore. 300 $a"April 1, 2008." 300 $aPaper version available from: U.S. Govt. Accountability Office, 441 G St., NW, Rm. LM, Washington, D.C. 20548. 300 $a"GAO-08-602R." 320 $aIncludes bibliographical references. 517 $aDefense Infrastructure 606 $aMilitary base closures$xEconomic aspects$zUnited States 607 $aUnited States$xArmed Forces$xReorganization 615 0$aMilitary base closures$xEconomic aspects 700 $aLepore$b Brian J$01388056 712 02$aUnited States.$bGovernment Accountability Office. 801 0$bGPO 801 1$bGPO 906 $aDOCUMENT 912 $a9910698313003321 996 $aDefense infrastructure$93438419 997 $aUNINA